Wszystkie skiny do M4A4 w CS:GO - Statystyki

Ogólne statystyki
  • Ten quiz został rozwiązany 66 razy
  • Średni wynik to 11 z 33
Statystyki odpowiedzi
Jakość Skin % Poprawnych
Żółty Howl
98%
Czerwony Asiimov
68%
Czerwony Neo-Noir
66%
Czerwony Buzz Kill
54%
Różowy Poseidon
54%
Czerwony Desert-Strike
51%
Różowy Desolate Space
51%
Czerwony X-Ray
46%
Czerwony The Emperor
44%
Niebieski Urban DDPAT
44%
Czerwony Bullet Rain
39%
Fioletowy Zirka
39%
Różowy 龍王 (Dragon King)
37%
Niebieski Magnesium
37%
Fioletowy Evil Daimyo
34%
Fioletowy Griffin
34%
Czerwony Royal Paladin
32%
Czerwony In Living Color
29%
Czerwony The Battlestar
29%
Różowy Tooth Fairy
27%
Różowy Hellfire
24%
Różowy Cyber Security
22%
Niebieski Global Offensive
22%
Niebieski Converter
20%
Niebieski Mainframe
20%
Fioletowy Modern Hunter
20%
Niebieski Faded Zebra
17%
Fioletowy Daybreak
15%
Niebieski Desert Storm
15%
Niebieski Radiation Hazard
15%
Niebieski Tornado
15%
Niebieski Dark Blossom
7%
Niebieski Jungle Tiger
7%
Nie znaleziono quizów pasujących do podanych kryteriów
Rozkład punktacji
Procent ludzi z każdym wynikiem
Percentyl według liczby udzielonych odpowiedzi
Twoja historia wyników
Nie rozwiązałeś tego quizu